Tytuł w tekście piosenki - Piosenki Disneya - Statystyki

Ogólne statystyki
  • Ten quiz został rozwiązany 1 978 razy
  • Średni wynik to 6 z 15
Statystyki odpowiedzi
Film Tekst % Poprawnych
Król lew {Hakuna} {Matata}! / Jak cudownie to brzmi / {Hakuna} {Matata}! / To nie byle bzik
93%
Królewna śnieżka i siedem krasnoludków {Hej}-{ho}, {Hej}-{ho} / Do domu by się szło
91%
Kraina Lodu Łzom nie dać się / Lecz świat już wie / {Mam} {tę} {moc}
78%
Pocahontas Czy powtórzysz te melodie, co z gór płyną / Barwy, które {kolorowy} niesie {wiatr}
62%
Encanto Choć udało się, pamiętaj, że... / {Nie} {mówimy} {o} {Brunie}, nie, nie, nie
33%
Vaiana Wiem że łódź moją pchał będzie wiatr i mnie wesprze / {Pół} {kroku} {stąd} / Marzenia są
33%
Coco Jestem obok tu jak tylko ja potrafię być / Aż znów w ramiona wezmę cię /{Pamiętaj} {Mnie}
31%
Piękna i bestia Jak po nocy świt / Jak w piosence rytm / {Piękna} {z} {Bestią} jest
29%
Mulan Takiej bandy nikt nie zlęknie się / Zadrżyjcie więc na dźwięk tych słów / {Mężczyzn} {z} {was} wkrótce sam {zrobię} znów
29%
Mała syrenka Bo tutaj {na} {morza} {dnie} / Cudownie jest, proszę Ciebie / Gdzie lepiej być może, gdzie?
28%
Król lew Wieczny {życia} {krąg}, / Co prowadzi nas Przez rozpaczy mrok, / W nadziei blask
28%
Piękna i bestia {Gościem} {bądź} / Sprawdź obsługę naszą, siądź / Weź serwetkę, my w ukłonach / Wokół się będziemy giąć
24%
Aladyn {Wspaniały} {świat} / Przed tobą go maluję tu
21%
Mała syrenka Zrobiony nastrój masz i ona tego chce / Sialalalalala, naprzód rusz! / Nie próbuj dłużej kryć, po{całuj} {ją} i już
15%
Aladyn Pan {Ali} / o nim się śni! / {książę} Ababwa!
14%
Nie znaleziono quizów pasujących do podanych kryteriów
Rozkład punktacji
Procent ludzi z każdym wynikiem
Percentyl według liczby udzielonych odpowiedzi
Twoja historia wyników
Nie rozwiązałeś tego quizu